| Virtuální polytechnická knihovna - Souborný katalog - Úplný záznam dokumentu - MARC |
Uživatel: --- |
-----nas 22-----zu 4500
001 SKVPK0031885
003 CZ-VPK
005 20260423095843.0
008 260423d20012015||||| | ||| || |||||||
040 $aABA013$bcze
222 0$aObnova památek ... : sborník příspěvků ke ... ročníku konference na téma
...
245 00$aObnova památek ... : sborník příspěvků ke ... ročníku konference na téma
...
260 $aČeská Republika :$bPraha : Studio Axis, 2001,$c2001-2015
650 07$aobecnosti$xob$2psh
650 07$aumění$xum$2psh
650 07$aarchitektura a urbanismus$xau$2psh
910 $aABA013$r2006-2015
| čtvrtek 14.05.2026 00:57:10 |
© 2001-2015 Národní technická knihovna |
[Virtuální polytechnická knihovna]
[Servisní centrum]
[Souborný katalog]